| 000 | 01289nam a22003257a 4500 | ||
|---|---|---|---|
| 003 | CHAP | ||
| 005 | 20220329135933.0 | ||
| 008 | 971013s1980 r 00010 d | ||
| 010 | _a44361 | ||
| 011 | _a45333 | ||
| 035 | _a49472 | ||
| 040 | _cCHAP | ||
| 090 | _aTesis | ||
| 100 | 0 | 0 |
_aRamírez Malagón, Rafael. _994118 |
| 245 | _aEvaluación del rendimiento en siembra de riego y temporal de 49 colectas de frijol (Phaseolus vulgaris L.) de Guanajuato, correlación entre nueve caracteres, y observación de tolerancia a virus (virus del masaico común (V.M.C.F.) y a roya... | ||
| 260 |
_aIrapuato, Gto. : _bEl autor, _c1980 |
||
| 300 |
_a107 h. _b; gráfs. |
||
| 502 | _aTesis (Ing. Agr. Esp. en Fitotecnia) -- Universidad de Guanajuato. Escuela de Agronomía y Zootecnia | ||
| 590 |
_aALEPH _b10 _c20130110 _lUCH01 _h1313 |
||
| 590 |
_aBATCH-UPD _b10 _c20130110 _lUCH01 _h1904 |
||
| 590 |
_aBATCH-UPD _b10 _c20130410 _lUCH01 _h1232 |
||
| 590 |
_aBATCH-UPD _b10 _c20130914 _lUCH01 _h1441 |
||
| 590 |
_aCONVERSION _b10 _c20130109 _lUCH01 _h1324 |
||
| 650 | 1 | 4 |
_aFrijol _xRendimiento. _943429 |
| 650 | 1 | 4 |
_aFrijol _xVariedades resistentes a enfermedades. _943447 |
| 650 | 1 | 4 |
_aRoya del frijol. _9100386 |
| 901 | _aBK | ||
| 942 | _cTESIS | ||
| 949 |
_bBC _cTES _d-111601 _eTS1 _h17399 _i49472 _si |
||
| 999 |
_c44361 _d44361 |
||